Sports Quiz

Random Sports or Baseball Quiz

Line-up For Yesterday Quiz Stats

 Plays Quiz not verified by Sporcle

Challenge
Share
Tweet
Embed
Score 0/26 Timer 07:00
0 Plays Today
Letter Player % Correct
RBabe Ruth
89.6%
GLou Gehrig
79.2%
CTy Cobb
75%
JWalter Johnson
70.8%
AGrover Cleveland Alexander
64.6%
XJimmie Foxx
64.6%
EJohnny Evers
62.5%
YCy Young
58.3%
WHonus Wagner
56.3%
DDizzy Dean
54.2%
FFrankie Frisch
52.1%
LNap Lajoie
50%
STris Speaker
47.9%
Letter Player % Correct
VDazzy Vance
45.8%
HRogers Hornsby
43.8%
KWillie Keeler
43.8%
OMel Ott
39.6%
MChristy Matthewson
33.3%
IMe
31.3%
BRoger Bresnahan
29.2%
UCarl Hubbell
29.2%
PEddie Plank
27.1%
ZZenith
27.1%
TBill Terry
25%
QConnie Mack
20.8%
NBobo Newsom
12.5%

You're not logged in!

Compare scores with friends on all Sporcle quizzes.
Join for Free
OR
Log In

You Might Also Like...

Show Comments

Extras

Top Quizzes Today


Score Distribution

Your Account Isn't Verified!

In order to create a playlist on Sporcle, you need to verify the email address you used during registration. Go to your Sporcle Settings to finish the process.

Report this User

Report this user for behavior that violates our Community Guidelines.

Details: